| 000 -LEADER |
| fixed length control field |
00834nam a2200265 a 4500 |
| 001 - CONTROL NUMBER |
| control field |
3377708 |
| 005 - DATE AND TIME OF LATEST TRANSACTION |
| control field |
20201109134810.0 |
| 008 - FIXED-LENGTH DATA ELEMENTS--GENERAL INFORMATION |
| fixed length control field |
871119s2000 nyuaf 001 0 eng |
| 010 ## - LIBRARY OF CONGRESS CONTROL NUMBER |
| LC control number |
87410096 |
| 020 ## - INTERNATIONAL STANDARD BOOK NUMBER |
| International Standard Book Number |
0060434791 (pbk.) |
| 041 ## - LANGUAGE CODE |
| Language code of text/sound track or separate title |
eng |
| 080 ## - UNIVERSAL DECIMAL CLASSIFICATION NUMBER |
| Universal Decimal Classification number |
612 k-20 |
| 100 1# - MAIN ENTRY--PERSONAL NAME |
| Personal name |
Kapit, Wynn. |
| 9 (RLIN) |
9438 |
| 245 14 - TITLE STATEMENT |
| Title |
The physiology coloring book / |
| Statement of responsibility, etc. |
Wynn Kapit, Robert I. Macey, Esmail Meisami. |
| 250 ## - EDITION STATEMENT |
| Edition statement |
second edition |
| 264 ## - PRODUCTION, PUBLICATION, DISTRIBUTION, MANUFACTURE, AND COPYRIGHT NOTICE |
| Place of production, publication, distribution, manufacture |
New York, |
| Name of producer, publisher, distributor, manufacturer |
Longman, |
| Date of production, publication, distribution, manufacture, or copyright notice |
2000. |
| 300 ## - PHYSICAL DESCRIPTION |
| Extent |
161p. |
| Other physical details |
ill. ; |
| Dimensions |
28 cm. |
| 500 ## - GENERAL NOTE |
| General note |
Includes index. |
| 650 #0 - SUBJECT ADDED ENTRY--TOPICAL TERM |
| Topical term or geographic name entry element |
Human physiology. |
| 9 (RLIN) |
9439 |
| 650 #0 - SUBJECT ADDED ENTRY--TOPICAL TERM |
| Topical term or geographic name entry element |
Coloring books. |
| 9 (RLIN) |
9440 |
| 653 ## - INDEX TERM--UNCONTROLLED |
| keyword |
ადამიანის ფიზიოლოგია |
| 700 1# - ADDED ENTRY--PERSONAL NAME |
| Personal name |
Macey, Robert I. |
| Relator term |
ავტორი |
| 9 (RLIN) |
9441 |
| 700 1# - ADDED ENTRY--PERSONAL NAME |
| Personal name |
Meisami, Esmail. |
| Relator term |
ავტორი |
| 9 (RLIN) |
9442 |
| 942 ## - ADDED ENTRY ELEMENTS (KOHA) |
| Source of classification or shelving scheme |
|
| Koha item type |
წიგნი |